[Event "Crikvenica City-ch"]
[Site "Crikvenica"]
[Date "2022.02.26"]
[Round "7"]
[White "Hajdinic, Ema"]
[Black "Bozic, Velimir"]
[Result "1-0"]
[WhiteElo "1561"]
[BlackElo "1803"]
[PlyCount "68"]
[EventDate "2022.02.12"]
[EventType "swiss"]
[EventRounds "7"]
[EventCountry "CRO"]
[SourceTitle "CBM 207 Extra"]
[Source "ChessBase"]
[SourceDate "2022.05.31"]
[SourceVersion "1"]
[SourceVersionDate "2022.05.31"]
[SourceQuality "1"]

1. e4 g6 2. d4 Bg7 3. Nf3 d6 4. Nc3 e6 5. Bd3 Ne7 6. Be3 Nbc6 7. Qd2 h5 8. h3 e5 9. dxe5 Nxe5 10. Nxe5 dxe5 11. 0-0-0 Be6 12. Qe2 Qc8 13. f4 c6 14. Rhf1 f5 15. fxe5 Bxe5 16. Bg5 Qc7 17. Bxe7 Qxe7 18. exf5 Bxc3 19. Qxe6 Qxe6 20. fxe6 Bb4 21. Bxg6+ Ke7 22. Bf7 Bd6 23. g4 h4 24. g5 Rh7 25. g6 Rg7 26. Rd4 Rh8 27. Rfd1 Bc5 28. Rd7+ Kf6 29. Rf1+ Kg5 30. e7 Bxe7 31. Rxe7 Rd8 32. Re5+ Kh6 33. Rf4 Rxg6 34. Bxg6 Kxg6 1-0